000 006910000a22002170004500
003 LK-CoMWRAF
005 20240113154524.0
008 230817t1994 ||||| |||| 00| 0 eng d
040 _aLK-CoMWRAF
_dLK-CoMWRAF
_eLK-CoMWRAF
041 _aeng
082 _a306.745
_bEVE
245 _aAn evil under the sun :
_bthe sexual exploitation of children in Sri Lanka
260 _aColombo:
_bProtecting Environment and Children Everywhere,
_c[1994]
300 _a120 p. ; 22 cm.
650 _aSexually abused children--Sri Lanka
650 _aChild prostitution--Sri Lanka
650 _aSex crimes--Sri Lanka
700 _aSeneviratne, Maureen
_eed.
710 _aPEACE Campaign
942 _cBK
999 _c2632
_d2632